Statistics for All Key Glock Songs

Click here to take the quiz!

General Stats

  • This quiz has been taken 23 times
    (12 since last reset)
  • The average score is 33 of 135

Answer Stats

AlbumSong% Correct
Yellow TapeMr. Glock
80%
GlockomaSince 6ix
70%
Newest Single #4Dirt
60%
GlockomaGang Sh*t No Lame Sh*t
60%
Dum and DummerWater on Water on Water
50%
Dum and DummerBaby Joker
40%
Yellow TapeDough
40%
Glock BondHot
40%
Yellow TapeI'm Just Sayin
40%
Yellow TapeLook at They Face
40%
Glock BondShun Kemp
40%
Son of a GunSon of a Gun
40%
Dum and Dummer1 Hell of a Life
30%
Yellow Tape1 of 1
30%
Glock BondAll I Know Is Trap
30%
Glock SeasonAlready Know
30%
Yellow TapeAmen
30%
Dum and DummerBack to Back
30%
Glock BondBad to the Bone
30%
Glock BondBall
30%
Glock BondBig Glock
30%
GlockomaBlessed
30%
GlockomaBottom of the Pot
30%
GlockomaClowns
30%
Glock BondCocky
30%
Glock BondCount Up
30%
Yellow TapeCrash
30%
GlockomaCrazy
30%
Glock SeasonDig That
30%
GlockomaDope
30%
Dum and DummerDum & Dummer
30%
Dum and DummerEverybody Know
30%
Glock SeasonEveryday
30%
Glock BondFeeling Myself
30%
Yellow TapeF**k All Dat
30%
Yellow TapeFlyest Highest Coolest Smoothest
30%
Dum and DummerGuess What?
30%
Glock BondHow I Live
30%
Dum and Dummer 2In GLOCK we trust
30%
Glock SeasonIntro
30%
Glock SeasonKanye Fab
30%
GlockomaLife Is Great
30%
Yellow TapeLoaded
30%
GlockomaMaybach
30%
Glock SeasonMomma Told Me
30%
Dum and DummerMonster
30%
Glock BondNo Cap
30%
Glock BondNoNo
30%
GlockomaOnce Upon a Time
30%
Glock SeasonOn My Soul
30%
Yellow TapeOoh
30%
Dum and Dummer 2Penguins
30%
GlockomaPrime
30%
Glock Bond | Glock SeasonRacks Today
30%
Glock SeasonReally Rich
30%
Dum and DummerReflection
30%
Glock SeasonRetarded
30%
Glock SeasonShame
30%
Yellow TapeStop Playin
30%
GlockomaTalk My Sh*t
30%
Glock BondThat's Nothing
30%
GlockomaWalking Ticket
30%
Yellow TapeWhat Goes Around Comes Around
30%
Glock SeasonWinning
30%
Yellow TapeWord on the Streets
30%
Glock BondYa Know
30%
Yellow Tape1997
20%
Dum and Dummer 2A Goat & a Dolphin
20%
Dum and DummerBack at It
20%
Yellow TapeBiig Boyy!
20%
Dum and DummerBlac Loccs
20%
Dum and Dummer 2Case Closed
20%
Dum and DummerChill
20%
Son of a GunCome Thru
20%
Son of a GunCops N Robbers
20%
Dum and DummerCrashin' Out
20%
Son of a GunCream
20%
Dum and DummerCutthroat Committee
20%
New SingleDa Truth
20%
Son of a GunFlexxxin
20%
Son of a GunFYTB
20%
Son of a GunGo Get It
20%
Son of a GunGucci Sweatsuit
20%
Son of a GunI Can Tell
20%
Dum and DummerIf I Ever
20%
Son of a GunIgloo
20%
Son of a GunI Know
20%
Dum and DummerIll
20%
Dum and DummerIt Feel Different
20%
Dum and DummerJuicy
20%
Son of a GunKill Switch
20%
Son of a GunMoney Talk
20%
Dum and Dummer 2Move Around
20%
Dum and Dummer 2Nintendo
20%
Son of a GunOne Day
20%
Newest SinglePlay for Keeps
20%
Dum and DummerPride
20%
Dum and Dummer 2RAIN RAIN
20%
Son of a GunRich Blessed N Savage
20%
Dum and DummerSummo
20%
Dum and DummerWhat's Wrong
20%
GlockomaYea!!
20%
Whole Lotta ErrthangActors
10%
Dum and Dummer 2Aspen
10%
Dum and Dummer 2Buddy Love
10%
Whole Lotta ErrthangCan't Lie
10%
Dum and Dummer 2Cheat Code
10%
Dum and Dummer 2Coordinate
10%
Newest Single #2Diapers
10%
Dum and Dummer 2Dummest & the Dummest
10%
Whole Lotta ErrthangErr$ince
10%
Newest Single #3From Nothing
10%
Dum and Dummer 2Hashtag
10%
Whole Lotta ErrthangHustle
10%
Dum and Dummer 2I Can Show You
10%
Whole Lotta ErrthangIDGAF
10%
Dum and Dummer 2I'm the Type
10%
Whole Lotta ErrthangJames Harden
10%
Whole Lotta ErrthangKarate Kid
10%
Whole Lotta ErrthangNo Kidding
10%
Newer SinglePain Killers
10%
Dum and Dummer 2Pot of Gold
10%
Whole Lotta ErrthangReady
10%
Glock BondRussian Creme
10%
Dum and Dummer 2Sleep with the Roaches
10%
Dum and Dummer 2Somethin' Else
10%
Whole Lotta ErrthangSwear to God
10%
Whole Lotta ErrthangThirty
10%
Whole Lotta ErrthangWhat I Wanna
10%
Dum and Dummer 2What u see is what u get
10%
Dum and Dummer 2Yeeh Yeeh
10%
Whole Lotta ErrthangZeros
10%
Whole Lotta ErrthangFVM
0%
Dum and DummerLife Key
0%

Score Distribution

Percentile by Number Answered

Percent of People with Each Score

Your Score History

You have not taken this quiz since the last reset